[Event "41st Olympiad Women 2014"]
[Site "Tromso NOR"]
[Date "2014.08.02"]
[Round "1.20"]
[Board "1"]
[White "Richards, Deborah"]
[Black "Pourkashiyan, Atousa"]
[Result "0-1"]
[WhiteTitle "WIM"]
[BlackTitle "WGM"]
[WhiteElo "2024"]
[BlackElo "2352"]
[WhiteTeam "Jamaica"]
[BlackTeam "Iran"]
[WhiteFideId "7400446"]
[BlackFideId "12502014"]
[EventDate "2014.08.02"]

1. Nf3 d5 2. d4 Nf6 3. Bf4 e6 4. e3 c5 5. c3 Nc6 6. Bd3 Bd6 7. Bg3 Bxg3 8. hxg3
Qd6 9. Nbd2 h6 10. Qe2 Bd7 11. dxc5 Qxc5 12. e4 dxe4 13. Nxe4 Nxe4 14. Bxe4 Qa5
15. Nd2 O-O-O 16. Nc4 Qc7 17. Rd1 Kb8 18. Nd6 f5 19. Bc2 Rhf8 20. Rh4 e5 21. Nb5
Qb6 22. a4 a6 23. Nd6 Be6 24. b4 e4 25. Nc4 Rxd1+ 26. Bxd1 Bxc4 27. Qxc4 Ne5 28.
Qe2 Rc8 29. Kd2 Qc7 30. Ke1 Qxc3+ 31. Qd2 Nd3+ 32. Kf1 0-1

[Event "41st Olympiad Women 2014"]
[Site "Tromso NOR"]
[Date "2014.08.02"]
[Round "1.20"]
[Board "2"]
[White "Hejazipour, Mitra"]
[Black "Miller, Rachel"]
[Result "1-0"]
[WhiteTitle "WIM"]
[BlackTitle "WFM"]
[WhiteElo "2269"]
[BlackElo "1782"]
[WhiteTeam "Iran"]
[BlackTeam "Jamaica"]
[WhiteFideId "12505951"]
[BlackFideId "7401302"]
[EventDate "2014.08.02"]

1. d4 Nf6 2. Nf3 c5 3. d5 b5 4. Bg5 Qb6 5. Bxf6 Qxf6 6. c3 Qb6 7. e4 g6 8. Be2
Bg7 9. Nbd2 d6 10. a4 b4 11. a5 Qc7 12. Qc2 bxc3 13. bxc3 O-O 14. O-O Nd7 15.
Rfb1 Nf6 16. a6 e6 17. dxe6 fxe6 18. e5 Nd5 19. exd6 Qxd6 20. Ne4 Qc7 21. Rb5
Nb4 22. Qb3 Nxa6 23. Rxa6 Bxa6 24. Qxe6+ Kh8 25. Qxa6 Qe7 26. Nfd2 Rfd8 27. g3
Bxc3 28. Rb7 Qe5 29. Nxc3 Qxc3 30. Ne4 Qe5 31. Qf6+ Qxf6 32. Nxf6 Rf8 33. Rxh7# 1-0

[Event "41st Olympiad Women 2014"]
[Site "Tromso NOR"]
[Date "2014.08.02"]
[Round "1.20"]
[Board "3"]
[White "Smith, Melisha"]
[Black "Hakimifard, Ghazal"]
[Result "0-1"]
[WhiteTitle "WCM"]
[BlackTitle "WIM"]
[WhiteElo "1747"]
[BlackElo "2232"]
[WhiteTeam "Jamaica"]
[BlackTeam "Iran"]
[WhiteFideId "7400691"]
[BlackFideId "12506540"]
[EventDate "2014.08.02"]

1. d4 Nf6 2. Nf3 e6 3. Bf4 b6 4. e3 Bb7 5. Bd3 Be7 6. Nbd2 c5 7. c3 O-O 8. h3
cxd4 9. exd4 d6 10. Qc2 Nbd7 11. O-O Qc7 12. Rae1 Rfe8 13. Ng5 Nf8 14. Re2 Rac8
15. Qb1 h6 16. Ngf3 a6 17. Rfe1 b5 18. Bh2 Nd5 19. Nf1 Nd7 20. N3d2 Bf8 21. f4
Red8 22. Nf3 N5f6 23. N1d2 Bd5 24. g4 Kh8 25. g5 Ng8 26. Bh7 g6 27. Bxg8 Kxg8
28. gxh6 Bxh6 29. Rg2 Nf8 30. h4 Kh8 31. Rg4 Nh7 32. Ng5 Nf6 33. Rg3 Re8 34. Rh3
Nh5 35. Re2 Bg7 36. Bg3 b4 37. Ngf3 bxc3 38. bxc3 Qxc3 39. Bf2 Nxf4 0-1

[Event "41st Olympiad Women 2014"]
[Site "Tromso NOR"]
[Date "2014.08.02"]
[Round "1.20"]
[Board "4"]
[White "Asgarizadeh, Minoo"]
[Black "Smith, Annesha"]
[Result "1-0"]
[WhiteTitle "WFM"]
[WhiteElo "2147"]
[BlackElo "1768"]
[WhiteTeam "Iran"]
[BlackTeam "Jamaica"]
[WhiteFideId "12512230"]
[BlackFideId "7400683"]
[EventDate "2014.08.02"]

1. e4 c5 2. Nf3 g6 3. d4 cxd4 4. Nxd4 Nc6 5. Nc3 Bg7 6. Be3 Nf6 7. Bc4 O-O 8. f3
Qb6 9. Qd2 Nxe4 10. fxe4 Bxd4 11. Bxd4 Qxd4 12. Qxd4 Nxd4 13. O-O-O Nc6 14. Nd5
Kg7 15. Rhf1 Rb8 16. Bb5 e6 17. Nf6 a6 18. Bxc6 dxc6 19. e5 b5 20. b4 Rb7 21.
Rf3 Rc7 22. Rh3 h6 23. Rhd3 g5 24. Rd8 Rxd8 25. Rxd8 Kg6 26. g4 h5 27. Rg8+ Kh6
28. h4 1-0

[Event "41st Olympiad Women 2014"]
[Site "Tromso NOR"]
[Date "2014.08.02"]
[Round "1.21"]
[Board "1"]
[White "Mamedjarova, Zeinab"]
[Black "Menon Jayadev, Poornima"]
[Result "1-0"]
[WhiteTitle "WGM"]
[BlackTitle "WFM"]
[WhiteElo "2229"]
[BlackElo "1935"]
[WhiteTeam "Azerbaijan"]
[BlackTeam "Ireland"]
[WhiteFideId "13401521"]
[BlackFideId "2501775"]
[EventDate "2014.08.02"]

1. d4 d5 2. e3 Nf6 3. Bd3 c5 4. c3 Nc6 5. Nd2 e6 6. f4 Bd6 7. Ngf3 Ng4 8. Qe2 h5
9. O-O O-O 10. h3 Nf6 11. Ng5 g6 12. Ndf3 Kg7 13. Ne5 Bd7 14. Qf3 Be8 15. Nxg6
Bd7 16. Nxf8 Kxf8 17. b3 cxd4 18. exd4 Ne7 19. Nh7+ Nxh7 20. Qxh5 Nf6 21. Qh6+
Kg8 22. Qxf6 Nf5 23. Qxd8+ Rxd8 24. Bd2 Kg7 25. g4 Ne7 26. f5 exf5 27. gxf5 f6
28. Bf4 Ba3 29. b4 Bb2 30. Rae1 Nc6 31. b5 Na5 32. Bc7 Rg8 33. Bxa5 Kf7+ 34. Kh2
Ba3 35. Bb4 Bxb4 36. cxb4 Rg5 37. Re3 Kf8 38. Rc1 Bxf5 39. Bxf5 Rxf5 40. Rc7
Rf2+ 41. Kg3 Rxa2 42. Rxb7 a5 43. Rc3 1-0

[Event "41st Olympiad Women 2014"]
[Site "Tromso NOR"]
[Date "2014.08.02"]
[Round "1.21"]
[Board "2"]
[White "Mirza, Diana"]
[Black "Mammadova, Gulnar"]
[Result "0-1"]
[BlackTitle "WGM"]
[WhiteElo "1734"]
[BlackElo "2334"]
[WhiteTeam "Ireland"]
[BlackTeam "Azerbaijan"]
[WhiteFideId "2503999"]
[BlackFideId "13403508"]
[EventDate "2014.08.02"]

1. e4 g6 2. d4 Bg7 3. Nc3 c6 4. Be3 d5 5. Be2 dxe4 6. Nxe4 Nd7 7. Nf3 Ngf6 8.
Nc3 Nd5 9. Qd2 Nxe3 10. fxe3 e5 11. Ne4 O-O 12. O-O-O Qe7 13. d5 cxd5 14. Qxd5
Nf6 15. Qd6 Qxd6 16. Nxd6 Ng4 17. Nxf7 Kxf7 18. Ng5+ Ke7 19. Bxg4 Bxg4 20. Rd5
Rad8 21. e4 Rxd5 22. exd5 Bh6 23. h4 Kd6 24. c4 Rf2 25. Kb1 Bf5+ 26. Ka1 Bxg5
27. hxg5 e4 28. a3 e3 0-1

[Event "41st Olympiad Women 2014"]
[Site "Tromso NOR"]
[Date "2014.08.02"]
[Round "1.21"]
[Board "3"]
[White "Mamedjarova, Turkan"]
[Black "Ui Laighleis, Gearoidin"]
[Result "1-0"]
[WhiteTitle "WGM"]
[BlackTitle "WCM"]
[WhiteElo "2274"]
[BlackElo "1830"]
[WhiteTeam "Azerbaijan"]
[BlackTeam "Ireland"]
[WhiteFideId "13402005"]
[BlackFideId "2501171"]
[EventDate "2014.08.02"]

1. d4 d5 2. Nf3 Nf6 3. c4 e6 4. Nc3 Be7 5. e3 O-O 6. Qc2 h6 7. Bd3 b6 8. O-O Bb7
9. cxd5 Nxd5 10. Nxd5 Bxd5 11. e4 Bb7 12. a3 c5 13. Be3 cxd4 14. Bxd4 Nd7 15.
Rfd1 Rc8 16. Qa4 Bc6 17. Bb5 Bxb5 18. Qxb5 Qc7 19. Bxg7 Rfd8 20. Bxh6 Qc5 21.
Qe2 Qh5 22. Bf4 Nc5 23. b4 Na4 24. Rxd8+ Rxd8 25. Qc2 b5 26. Qc7 Re8 27. Qd7 Kf8
28. Be5 Qg6 29. Qxb5 Nb6 30. Bd4 Qxe4 31. Qh5 Qg6 32. Qh8+ Qg8 33. Bg7# 1-0

[Event "41st Olympiad Women 2014"]
[Site "Tromso NOR"]
[Date "2014.08.02"]
[Round "1.21"]
[Board "4"]
[White "Kruk, Karina"]
[Black "Ibrahimova, Sabina"]
[Result "0-1"]
[WhiteTitle "WCM"]
[BlackTitle "WIM"]
[WhiteElo "1795"]
[BlackElo "2263"]
[WhiteTeam "Ireland"]
[BlackTeam "Azerbaijan"]
[WhiteFideId "1148184"]
[BlackFideId "13403893"]
[EventDate "2014.08.02"]

1. d4 Nf6 2. Nf3 g6 3. Nc3 d5 4. Bf4 Bg7 5. e3 O-O 6. Qd2 c6 7. h4 b5 8. Bd3 a5
9. Ng5 h5 10. Be5 Nbd7 11. Bxg6 fxg6 12. Ne6 Qb6 13. Bc7 Qa7 14. Qd3 Rf7 15. Bd8
Nc5 16. dxc5 Bxe6 17. Bb6 Bf5 18. Bxa7 Bxd3 19. cxd3 Rxa7 20. d4 Ng4 21. Nd1 e5
22. f3 Nh6 23. dxe5 Bxe5 24. Rh3 d4 25. exd4 Bxd4 26. Rg3 Kg7 27. a3 Rfe7+ 28.
Kd2 Rad7 29. f4 Bxb2+ 0-1

[Event "41st Olympiad Women 2014"]
[Site "Tromso NOR"]
[Date "2014.08.02"]
[Round "1.22"]
[Board "1"]
[White "Hazim Gonzalez, Elizabeth"]
[Black "Sukandar, Irine Kharisma"]
[Result "0-1"]
[WhiteTitle "WCM"]
[BlackTitle "WGM"]
[WhiteElo "1833"]
[BlackElo "2396"]
[WhiteTeam "Dominican Republic"]
[BlackTeam "Indonesia"]
[WhiteFideId "6400183"]
[BlackFideId "7101937"]
[EventDate "2014.08.02"]

1. e4 c5 2. d3 Nc6 3. g3 g6 4. Bg2 Bg7 5. Nc3 d6 6. f4 e6 7. Nf3 Nge7 8. O-O O-O
9. g4 f5 10. g5 b6 11. h4 Bb7 12. Qe2 Qd7 13. Re1 Rae8 14. Nd1 e5 15. fxe5 Nxe5
16. Nf2 fxe4 17. dxe4 N7c6 18. c3 d5 19. Nh2 d4 20. Rd1 Qf7 21. Bd2 Bc8 22. Rf1
Qc7 23. Rad1 Be6 24. b3 a5 25. c4 Qd7 26. Nd3 Nxd3 27. Qxd3 Ne5 28. Qg3 a4 29.
Nf3 Bg4 30. Ra1 Nxf3+ 31. Rxf3 Bxf3 32. Bxf3 Be5 33. Qg2 Bf4 34. Be1 Be3+ 35.
Kh1 Qf7 36. Bg4 Qf1+ 37. Qxf1 Rxf1+ 38. Kg2 Rg1+ 39. Kh3 Bf2 40. Bxf2 Rxa1 0-1

[Event "41st Olympiad Women 2014"]
[Site "Tromso NOR"]
[Date "2014.08.02"]
[Round "1.22"]
[Board "2"]
[White "Sihite, Chelsie Monica Ignesias"]
[Black "Villar Acevedo, Darlin Rocio"]
[Result "1-0"]
[WhiteTitle "WIM"]
[WhiteElo "2206"]
[BlackElo "1713"]
[WhiteTeam "Indonesia"]
[BlackTeam "Dominican Republic"]
[WhiteFideId "7101198"]
[BlackFideId "6405053"]
[EventDate "2014.08.02"]

1. e4 c6 2. d4 d5 3. Nc3 dxe4 4. Nxe4 Bf5 5. Ng3 Bg6 6. h4 h6 7. Nf3 Nf6 8. Ne5
Bh7 9. Bc4 e6 10. Qe2 Nbd7 11. Nxf7 Qe7 12. Nxh8 O-O-O 13. h5 Re8 14. Ng6 Bxg6
15. hxg6 Nb6 16. Bb3 Qd7 17. Bd2 Qxd4 18. O-O-O Nfd5 19. Be3 Qf6 20. Bxb6 Nxb6
21. Rhe1 e5 22. Qg4+ Kb8 23. Ne4 Qf4+ 24. Qxf4 exf4 25. Bf7 Re5 26. Rd8+ Kc7 27.
Rxf8 1-0

[Event "41st Olympiad Women 2014"]
[Site "Tromso NOR"]
[Date "2014.08.02"]
[Round "1.22"]
[Board "3"]
[White "Diaz Cesar, Wilsaida Pieranlly"]
[Black "Citra, Dewi Ardhiani Anastasia"]
[Result "0-1"]
[BlackTitle "WFM"]
[WhiteElo "1769"]
[BlackElo "2128"]
[WhiteTeam "Dominican Republic"]
[BlackTeam "Indonesia"]
[WhiteFideId "6403557"]
[BlackFideId "7101244"]
[EventDate "2014.08.02"]

1. d4 Nf6 2. Nf3 g6 3. Nc3 d5 4. Bf4 Bg7 5. e3 O-O 6. Be2 a6 7. O-O b6 8. Rc1
Bb7 9. Nb1 Nbd7 10. c4 c5 11. Ne5 cxd4 12. exd4 dxc4 13. Rxc4 Nd5 14. Bg3 b5 15.
Rc1 Nxe5 16. dxe5 Qa5 17. Qb3 Nb4 18. Nc3 Nc6 19. Nd5 Rae8 20. Qe3 Qxa2 21. Nc7
Rb8 22. Bf3 Nb4 23. Bxb7 Rxb7 24. Qe4 Rxc7 25. Rxc7 Nd5 26. Rc2 e6 27. Rfc1 a5
28. Qe2 Bh6 29. Rd1 Qa4 30. Rc5 b4 31. Rf1 Qa2 32. f4 a4 33. Rcc1 a3 34. Rc2 b3
35. Rd2 Rb8 36. Qa6 axb2 37. Qd6 Rc8 38. Qd7 Rc1 39. Qd8+ Bf8 40. Be1 Qa7+ 41.
Kh1 b1=Q 42. Re2 Qa6 0-1

[Event "41st Olympiad Women 2014"]
[Site "Tromso NOR"]
[Date "2014.08.02"]
[Round "1.22"]
[Board "4"]
[White "Fisabilillah, Ummi"]
[Black "Santos Almonte, Carol"]
[Result "1-0"]
[WhiteTitle "WFM"]
[WhiteElo "2029"]
[BlackElo "1774"]
[WhiteTeam "Indonesia"]
[BlackTeam "Dominican Republic"]
[WhiteFideId "7104804"]
[BlackFideId "6402348"]
[EventDate "2014.08.02"]

1. e4 e6 2. d3 d5 3. Nd2 c5 4. Ngf3 Bd6 5. g3 Ne7 6. Bg2 Nbc6 7. O-O O-O 8. Re1
f6 9. Nf1 d4 10. h4 e5 11. N1h2 Be6 12. h5 Qd7 13. Nh4 f5 14. exf5 Nxf5 15. N4f3
Nfe7 16. Ng5 Bd5 17. Bh3 Qe8 18. Ng4 Kh8 19. h6 g6 20. c4 dxc3 21. bxc3 Nf5 22.
Ne4 Qd8 23. Nxd6 Qxd6 24. Bg5 Rae8 25. Qd2 Nb8 26. c4 Bc6 27. Rad1 Nd4 28. Nh2
b6 29. Re3 e4 30. dxe4 Rxe4 31. Rxe4 Bxe4 32. Bf4 Qc6 33. Be5+ Kg8 34. Bxd4 cxd4
35. Qxd4 Rf7 36. Qd8+ Rf8 37. Qe7 Qb7 38. Be6+ 1-0

[Event "41st Olympiad Women 2014"]
[Site "Tromso NOR"]
[Date "2014.08.02"]
[Round "1.24"]
[Board "1"]
[White "Cori T., Deysi"]
[Black "Reizniece-Ozola, Dana"]
[Result "1-0"]
[WhiteTitle "WGM"]
[BlackTitle "WGM"]
[WhiteElo "2422"]
[BlackElo "2278"]
[WhiteTeam "Peru"]
[BlackTeam "Latvia"]
[WhiteFideId "3801934"]
[BlackFideId "11601124"]
[EventDate "2014.08.02"]

1. d4 Nf6 2. Nf3 g6 3. c4 Bg7 4. Nc3 d6 5. Bg5 h6 6. Bh4 g5 7. Bg3 Nh5 8. e3 e6
9. Be2 Nd7 10. Ne4 Qe7 11. Nfd2 Nxg3 12. Nxg3 O-O 13. h4 f5 14. hxg5 hxg5 15.
Qc2 c6 16. O-O-O b5 17. Nh5 Bh8 18. g4 bxc4 19. gxf5 exf5 20. Rdg1 Rf7 21. Nf3
g4 22. Bxc4 d5 23. Bd3 Nf8 24. Nh4 Qg5 25. Nf4 Bd7 26. Nf3 Qe7 27. Rh5 Bg7 28.
Nh4 c5 29. Bxf5 cxd4 30. Bh7+ 1-0

[Event "41st Olympiad Women 2014"]
[Site "Tromso NOR"]
[Date "2014.08.02"]
[Round "1.24"]
[Board "2"]
[White "Rogule, Laura"]
[Black "Apaza, Flor"]
[Result "1-0"]
[WhiteTitle "WGM"]
[WhiteElo "2347"]
[BlackElo "1552"]
[WhiteTeam "Latvia"]
[BlackTeam "Peru"]
[WhiteFideId "11601876"]
[BlackFideId "3801888"]
[EventDate "2014.08.02"]

1. e4 e5 2. Nf3 Nc6 3. Bb5 Bc5 4. O-O Nf6 5. c3 O-O 6. d4 Bb6 7. Bg5 d6 8. Bxc6
bxc6 9. dxe5 dxe5 10. Qxd8 Rxd8 11. Nxe5 Rd6 12. Nc4 Re6 13. Nxb6 cxb6 14. f3
Nd7 15. Rd1 Ne5 16. Rd8+ 1-0

[Event "41st Olympiad Women 2014"]
[Site "Tromso NOR"]
[Date "2014.08.02"]
[Round "1.24"]
[Board "3"]
[White "Bocangel Chavez, Marjoire J."]
[Black "Berzina, Ilze"]
[Result "0-1"]
[BlackTitle "WGM"]
[WhiteElo "1731"]
[BlackElo "2247"]
[WhiteTeam "Peru"]
[BlackTeam "Latvia"]
[WhiteFideId "3810500"]
[BlackFideId "11601345"]
[EventDate "2014.08.02"]

1. e4 c6 2. d4 d5 3. e5 c5 4. c3 Nc6 5. Bd3 cxd4 6. cxd4 Nxd4 7. Be3 Nc6 8. f4
e6 9. Nf3 Qa5+ 10. Nbd2 Bc5 11. Qe2 Qb6 12. Bxc5 Qxc5 13. g4 Nge7 14. Nb3 Qb4+
15. Qd2 Bd7 16. Ng5 Ng6 17. O-O Qxd2 18. Nxd2 Rc8 19. Rae1 h6 20. Nh3 O-O 21.
Nb3 Nb4 22. Bb1 Bb5 23. Rf3 Nc2 24. Rc1 Nd4 25. Re3 Ne2+ 26. Rxe2 Bxe2 27. f5
Bxg4 28. fxg6 Bxh3 29. gxf7+ Kxf7 30. Re1 Ke7 31. Nd4 Rc4 32. Ne2 h5 33. a3 Rg4+
34. Ng3 h4 35. Bd3 hxg3 36. hxg3 Rxg3+ 37. Kh2 Rxd3 38. Re2 Bf5 39. Kg1 Be4 40.
Kh2 Rf1 41. Rxe4 dxe4 42. Kg2 Rb1 43. Kf2 Rxb2+ 44. Ke1 Rh3 45. Kd1 Rh1# 0-1

[Event "41st Olympiad Women 2014"]
[Site "Tromso NOR"]
[Date "2014.08.02"]
[Round "1.24"]
[Board "4"]
[White "Skinke, Katrina"]
[Black "Valdivia Cano, Nicole"]
[Result "1-0"]
[WhiteTitle "WIM"]
[WhiteElo "2217"]
[BlackElo "1550"]
[WhiteTeam "Latvia"]
[BlackTeam "Peru"]
[WhiteFideId "11602260"]
[BlackFideId "3817504"]
[EventDate "2014.08.02"]

1. e4 e5 2. Nf3 Nc6 3. Bc4 Bc5 4. d3 d6 5. c3 Nf6 6. O-O Bg4 7. Nbd2 O-O 8. h3
Bh5 9. Re1 a6 10. Bb3 Re8 11. Nf1 h6 12. Ng3 Bg6 13. Nh2 Qd7 14. Qf3 Rad8 15.
Bxh6 Na5 16. Bc2 gxh6 17. Qxf6 Re6 18. Qh4 Nc6 19. b4 Ba7 20. Bb3 Qe7 21. Qxh6
Rf6 22. Ng4 Bxf2+ 23. Nxf2 Bxe4 24. Qg5+ Bg6 25. Nfe4 Rf4 26. Qxg6+ Kf8 27. Qh6+
Ke8 28. Nh5 Kd7 29. Nxf4 1-0

[Event "41st Olympiad Women 2014"]
[Site "Tromso NOR"]
[Date "2014.08.02"]
[Round "1.25"]
[Board "1"]
[White "Klinova, Masha"]
[Black "Frick, Denise"]
[Result "1-0"]
[WhiteTitle "IM"]
[BlackTitle "WIM"]
[WhiteElo "2312"]
[BlackElo "1892"]
[WhiteTeam "Israel"]
[BlackTeam "South Africa"]
[WhiteFideId "2802015"]
[BlackFideId "14300818"]
[EventDate "2014.08.02"]

1. e4 e6 2. Nf3 d5 3. Nc3 Nf6 4. e5 Nfd7 5. d4 c5 6. dxc5 Nc6 7. Bf4 Nxc5 8. Bd3
Be7 9. O-O O-O 10. Qe2 a6 11. a3 f5 12. exf6 Bxf6 13. Bg3 Qb6 14. Rab1 Nxd3 15.
Qxd3 Nd4 16. Nxd4 Qxd4 17. Rfe1 Qxd3 18. cxd3 Bd7 19. Be5 Bxe5 20. Rxe5 Rac8 21.
g3 Rf3 22. Re3 Rxe3 23. fxe3 Be8 24. d4 Kf8 25. h4 Ke7 26. g4 h6 27. Rf1 b5 28.
Rc1 Rd8 29. Na2 Kd6 30. Nb4 Ra8 31. Nd3 Rb8 32. b4 Ra8 33. Nc5 Ra7 34. Kf2 e5
35. Kg3 exd4 36. exd4 Bg6 37. Re1 Bf7 38. Kf4 Rc7 39. g5 hxg5+ 40. hxg5 g6 41.
Re3 Ra7 42. Kg3 Ra8 43. Rf3 Be8 44. Rf6+ Ke7 45. Nxa6 Bf7 46. Rb6 Be8 47. Kf4
Rc8 48. Nc5 Bc6 49. Ra6 Rc7 50. Ke5 Be8 51. Kxd5 Bf7+ 52. Ke5 Rc8 53. d5 1-0

[Event "41st Olympiad Women 2014"]
[Site "Tromso NOR"]
[Date "2014.08.02"]
[Round "1.25"]
[Board "2"]
[White "Solomons, Anzel"]
[Black "Shvayger, Yuliya"]
[Result "0-1"]
[WhiteTitle "WIM"]
[BlackTitle "WIM"]
[WhiteElo "1840"]
[BlackElo "2275"]
[WhiteTeam "South Africa"]
[BlackTeam "Israel"]
[WhiteFideId "14300800"]
[BlackFideId "14100126"]
[EventDate "2014.08.02"]

1. d4 Nf6 2. c4 g6 3. Nc3 d5 4. Bg5 Ne4 5. h4 Bg7 6. e3 c5 7. cxd5 Qa5 8. Qa4+
Qxa4 9. Nxa4 cxd4 10. Rc1 Nd7 11. Nf3 dxe3 12. Bxe3 O-O 13. Nc3 Nd6 14. h5 gxh5
15. Rxh5 Nf6 16. Rh1 Bf5 17. Nh4 Bg6 18. Nxg6 hxg6 19. f3 Rfc8 20. g4 Nd7 21.
Kf2 a6 22. Be2 b5 23. a3 Ne5 24. Ne4 Nxg4+ 25. fxg4 Nxe4+ 26. Kf3 Nf6 27. Rhd1
Rd8 28. d6 exd6 29. Rc6 Ne8 30. a4 bxa4 31. Bxa6 Bxb2 32. Bb6 Rxa6 0-1

[Event "41st Olympiad Women 2014"]
[Site "Tromso NOR"]
[Date "2014.08.02"]
[Round "1.25"]
[Board "3"]
[White "Vasiliev, Olga"]
[Black "Tlale, Tshepang"]
[Result "1-0"]
[WhiteTitle "WIM"]
[BlackTitle "WIM"]
[WhiteElo "2276"]
[BlackElo "1798"]
[WhiteTeam "Israel"]
[BlackTeam "South Africa"]
[WhiteFideId "2807602"]
[BlackFideId "14304503"]
[EventDate "2014.08.02"]

1. e4 c5 2. Nf3 d6 3. c3 Nf6 4. h3 Nc6 5. Bd3 Qc7 6. O-O e6 7. Bc2 Be7 8. d4
cxd4 9. cxd4 O-O 10. Nc3 a6 11. Re1 Rd8 12. Be3 b5 13. Rc1 Na5 14. Qe2 Nc4 15.
Bg5 Bb7 16. b3 Na3 17. Bd3 Qa5 18. e5 dxe5 19. dxe5 Bxf3 20. Qxf3 Nd5 21. Ne4
Ra7 22. Bxe7 Rxe7 23. Nf6+ Nxf6 24. exf6 gxf6 25. Qxf6 Red7 26. Qg5+ Kh8 27.
Bxh7 Kxh7 28. Re4 Rd4 29. Qh4+ Kg6 30. Rxd4 Rxd4 31. Qxd4 b4 32. Rc5 1-0

[Event "41st Olympiad Women 2014"]
[Site "Tromso NOR"]
[Date "2014.08.02"]
[Round "1.25"]
[Board "4"]
[White "Van Niekerk, Robyn Julian"]
[Black "David Glaz, Ilana"]
[Result "0-1"]
[BlackTitle "WIM"]
[WhiteElo "1627"]
[BlackElo "2200"]
[WhiteTeam "South Africa"]
[BlackTeam "Israel"]
[WhiteFideId "14305020"]
[BlackFideId "2801370"]
[EventDate "2014.08.02"]

1. d4 d5 2. Nf3 Nf6 3. c4 e6 4. Bg5 Be7 5. Nc3 O-O 6. e3 c6 7. Qc2 Nbd7 8. Rc1
Re8 9. c5 b6 10. cxb6 axb6 11. Bd3 c5 12. b3 h6 13. Bf4 Nb8 14. O-O Bb7 15. Na4
Na6 16. Bb5 Rf8 17. Rfd1 Ne4 18. Ne5 cxd4 19. exd4 Ba3 20. Ra1 Nb4 21. Qe2 Ba6
22. Bxa6 Rxa6 23. Qb5 Qc8 24. Nd7 Rd8 25. Ndxb6 Qc2 26. Be3 Rb8 27. Qd7 Nf6 28.
Qd6 Rb7 29. Qd8+ Kh7 30. Bd2 Nc6 31. Qc8 Rbxb6 32. Nxb6 Rxb6 33. Qa8 Bb2 34.
Rab1 Ne4 35. Be3 Nc3 36. Rxb2 Qxd1# 0-1

[Event "41st Olympiad Women 2014"]
[Site "Tromso NOR"]
[Date "2014.08.02"]
[Round "1.26"]
[Board "1"]
[White "Mudongo, Boikhutso"]
[Black "Olsarova, Karolina"]
[Result "0-1"]
[WhiteTitle "WIM"]
[BlackTitle "WIM"]
[WhiteElo "1844"]
[BlackElo "2237"]
[WhiteTeam "Botswana"]
[BlackTeam "Czech Republic"]
[WhiteFideId "11300230"]
[BlackFideId "320242"]
[EventDate "2014.08.02"]

1. e4 e5 2. Nf3 Nc6 3. Bb5 a6 4. Ba4 Nf6 5. O-O Nxe4 6. Re1 Nc5 7. Nxe5 Nxe5 8.
Rxe5+ Be7 9. Nc3 O-O 10. d4 Nxa4 11. Nxa4 d5 12. Qf3 Bf6 13. Re2 Bxd4 14. Bd2
Be6 15. Bb4 Re8 16. Rd1 Qh4 17. Qb3 b6 18. Nc3 c5 19. Ba3 Bg4 20. Rxe8+ Rxe8 21.
Rf1 Qxf2+ 0-1

[Event "41st Olympiad Women 2014"]
[Site "Tromso NOR"]
[Date "2014.08.02"]
[Round "1.26"]
[Board "2"]
[White "Sikorova, Olga"]
[Black "Lopang, Tshepiso"]
[Result "1-0"]
[WhiteTitle "WGM"]
[BlackTitle "WIM"]
[WhiteElo "2289"]
[BlackElo "1778"]
[WhiteTeam "Czech Republic"]
[BlackTeam "Botswana"]
[WhiteFideId "307033"]
[BlackFideId "11300515"]
[EventDate "2014.08.02"]

1. e4 d6 2. d4 b6 3. c4 e6 4. Nc3 Be7 5. Bd3 Nf6 6. Nf3 O-O 7. e5 dxe5 8. dxe5
Nfd7 9. Be4 c6 10. Qc2 g6 11. Bh6 Re8 12. O-O-O Qc7 13. h4 Nc5 14. h5 Nxe4 15.
Nxe4 Nd7 16. hxg6 fxg6 17. Neg5 Bxg5+ 18. Bxg5 Nxe5 19. Nxe5 Qxe5 20. f4 Qf5 21.
Rd6 Qc5 22. Rhd1 Qe3+ 23. Qd2 Qe4 24. b3 c5 25. Bf6 Qf5 26. Be5 Rf8 27. Qe2 Re8
28. Qf3 Ba6 29. Rd7 b5 30. Rg7+ Kf8 31. g4 1-0

[Event "41st Olympiad Women 2014"]
[Site "Tromso NOR"]
[Date "2014.08.02"]
[Round "1.26"]
[Board "3"]
[White "Francis, Onkemetse"]
[Black "Olsarova, Tereza"]
[Result "0-1"]
[WhiteTitle "WFM"]
[BlackTitle "WIM"]
[WhiteElo "1735"]
[BlackElo "2271"]
[WhiteTeam "Botswana"]
[BlackTeam "Czech Republic"]
[WhiteFideId "11301287"]
[BlackFideId "325449"]
[EventDate "2014.08.02"]

1. e4 e5 2. Nf3 Nc6 3. Bc4 Bc5 4. c3 Nf6 5. d3 a6 6. O-O Ba7 7. Qe2 d6 8. Bb3
O-O 9. h3 h6 10. Be3 Qe7 11. Bxa7 Rxa7 12. Nh2 Na5 13. Bc2 c5 14. Nd2 Nc6 15. f4
exf4 16. Rxf4 b5 17. Raf1 Nh7 18. Ng4 Qg5 19. R4f2 Bxg4 20. hxg4 Ne5 21. Bd1 Re7
22. Rf5 Qg6 23. d4 Nd7 24. Qf2 Ng5 25. Qf4 Rfe8 26. Bc2 c4 27. e5 dxe5 28. dxe5
Qb6+ 29. Kh2 Nxe5 30. Ne4 Ng6 0-1

[Event "41st Olympiad Women 2014"]
[Site "Tromso NOR"]
[Date "2014.08.02"]
[Round "1.26"]
[Board "4"]
[White "Novosadova, Kristyna"]
[Black "Botlhole, Kgalalelo"]
[Result "1-0"]
[BlackTitle "WFM"]
[WhiteElo "2174"]
[BlackElo "1762"]
[WhiteTeam "Czech Republic"]
[BlackTeam "Botswana"]
[WhiteFideId "328065"]
[BlackFideId "11300469"]
[EventDate "2014.08.02"]

1. e4 e5 2. Nf3 Nc6 3. Bb5 Nf6 4. O-O Bc5 5. Qe2 Qe7 6. c3 O-O 7. d3 a6 8. Ba4
b5 9. Bb3 d6 10. Bg5 h6 11. Bh4 Be6 12. Bd5 Bxd5 13. exd5 Nb8 14. d4 Bb6 15. a4
g5 16. Nxg5 hxg5 17. Bxg5 Nbd7 18. Nd2 e4 19. axb5 axb5 20. Qxb5 Rxa1 21. Rxa1
Rb8 22. Qe2 Qf8 23. Nxe4 Qg7 24. Nxf6+ Nxf6 25. Bxf6 Qxf6 26. Re1 Ra8 27. Qb5
Kg7 28. Qe2 Qg5 29. Qe4 Ra2 30. h4 Qh5 31. Re3 Rxb2 32. Qe7 Rb1+ 33. Kh2 Qxd5
34. Rg3+ Kh6 35. Qf6+ 1-0